[Event "FRA-chT Gp-A"]
[Site "France"]
[Date "2004.04.01"]
[Round "4"]
[White "Pinter, Jozsef"]
[Black "Gurevich, Mikhail"]
[Result "0-1"]
[WhiteElo "2501"]
[BlackElo "2656"]
[Annotator "Gurevich,M"]
[PlyCount "130"]
[EventDate "2004.01.30"]
[EventType "team"]
[EventRounds "7"]
[EventCountry "FRA"]
[SourceTitle "CBM 100"]
[Source "ChessBase"]
[SourceDate "2004.06.01"]
[SourceVersion "1"]
[SourceVersionDate "2004.06.01"]
[SourceQuality "1"]
[WhiteTeam "Bischwiller"]
[BlackTeam "Gonfreville"]
[WhiteTeamCountry "FRA"]
[BlackTeamCountry "FRA"]

1. d4 d5 2. c4 c6 3. Nc3 Nf6 4. e3 e6 5. Nf3 a6 6. b3 Bb4 7. Bd2 Nbd7 8. Bd3 (
8. Be2 {-89/379}) 8... O-O 9. O-O Qe7 10. Qc2 e5 $5 {TN} (10... dxc4 11. bxc4 (
11. Bxc4 b5 12. Be2 c5 13. a4 bxa4 14. Nxa4 Bxd2 15. Qxd2 cxd4 16. Nxd4 Bb7 $11
{0-1 Krainski,A-Popov,V/Bydgoszcz 2001/CBM 82 ext (32)}) 11... e5 12. Ne4 Bxd2
13. Nxf6+ Nxf6 14. dxe5 Ng4 15. Nxd2 g6 $14 {1/2-1/2 Mercadal Benejam,
J-Grodzensky,Y/ICCF Email 1999/IXM98 (29)}) (10... h6 11. Rad1 $5 {TN} (11.
Rfe1 e5 12. dxe5 Nxe5 13. Nxe5 Qxe5 14. cxd5 cxd5 15. Ne2 Bd6 16. Ng3 Qe7 17.
Bc3 Ng4 18. Bh7+ Kh8 19. Bf5 Bxg3 20. hxg3 Qg5 21. Bxg4 $11 {1/2-1/2 Nielsen,
P-Agrest,E/Istanbul 2003/CBM 96 (39)}) 11... Re8 12. h3 dxc4 13. bxc4 e5 14.
Ne4 Nxe4 15. Bxb4 Qxb4 16. Bxe4 exd4 17. exd4 (17. Rxd4 $5 {н/\} Nf6 18. c5 Qa5
19. Bd3 Be6 20. Rb1 $36) 17... Nf6 $11 {Akopian,V-Gurevich,M 1/2-1/2 Belfort
French tch 2004]} (17... Nf6 18. Bd3 c5 19. Rb1 Qa5 20. d5 Qc7 21. Qb2 Qf4 22.
Qd2 Qd6 $132)) 11. dxe5 (11. cxd5 Bxc3 12. Qxc3 e4 13. dxc6 Nd5 $15) (11. Nxd5
$6 cxd5 12. Bxb4 Qxb4 13. dxe5 Ng4 14. cxd5 Ndxe5 15. Nxe5 Nxe5 16. Bxh7+ Kh8
$15) 11... Nxe5 12. Nxe5 Qxe5 13. cxd5 (13. Nxd5 $5 Nxd5 14. cxd5 Bxd2 15. Qxd2
Qxd5 16. Rad1 Bg4 17. f3 Be6 18. Qb4 $14) 13... cxd5 14. Ne2 Bd6 $6 (14... Bxd2
15. Qxd2 Bd7 16. Qb4 $14) 15. Ng3 Qg5 {[н/\16...Ng4|^>>]} 16. f4 $1 Qh4 17. Rf3
{[н/\18.Nf5,18.Be1<=>>>]} g6 18. Be1 $1 Qh6 19. Bc3 Ne8 $5 {[н/\20...Bg4,21...
Rc8]} (19... Qh4 20. Qb2 $16 Ng4 21. h3 Nxe3 22. Rxe3 Bxf4 23. Qf2 $18) 20. Nf5
$1 Bxf5 21. Bxf5 {[н/\22.Rh3+-]} Qh4 22. Rd1 (22. Qd1 $1 {(н/\23.Qd5)} Nc7 23.
Qd4 f6 24. Rh3 $18) 22... Nc7 23. Rg3 (23. Qb2 $5) 23... Rfd8 24. Ba5 $6 (24.
Bxg6 $1 fxg6 (24... hxg6 25. Rh3) 25. Rxg6+ hxg6 26. Qxg6+ Kf8 27. Bf6 Qxf6 28.
Qxf6+ Ke8 29. e4 $18) 24... Qe7 25. Rc1 Ne8 $1 26. Bxd8 Rxd8 {[н/\27...Nf6,27..
.d4<=>]} 27. Rf1 $6 (27. Kh1 d4) (27. Kf1 $5 d4 28. Qe4 $16) 27... Bc5 $132 28.
Kh1 Bxe3 29. Bd3 {[н/\30.f5|^>>]} Bd4 (29... Ng7 30. f5 Qe5 $14) 30. f5 Nf6 $2
$138 31. fxg6 hxg6 32. Rgf3 $2 (32. Bxg6 $1 fxg6 33. Qxg6+ Kh8 34. Qg5 $3 $18 {
[н/\35.Rh3,35.Qh4]}) 32... Kg7 $13 33. h3 Rd7 34. Qd2 Be5 35. Qg5 Qd6 36. g4 $2
$138 (36. Rd1 Nh5 $132) 36... Re7 (36... Ne4 $5 37. Bxe4 dxe4 38. Re3 f6 39.
Qh4 Bf4 40. Rxe4 Bg3 $19) 37. Qd2 Nd7 $1 {[텤d7-f8-e6<=>]} 38. R3f2 Nf8 39.
Rf3 Ne6 40. Qg2 Ng5 $15 41. Re3 Re8 $1 {[н/\42...Rh8б->;xKh1]} 42. Be2 d4 43.
Rd3 Bf4 44. Bf3 Nxh3 $1 $17 45. Bc6 (45. Qxh3 Rh8 46. Qxh8+ Kxh8 47. Bxb7 Be3
48. Kg2 (48. Rxf7 Qg3) 48... Kg7 $17) 45... bxc6 46. Rxh3 d3 $19 47. Qb2+ f6
48. Qf2 d2 49. Rd1 g5 50. Kg2 Qd7 51. Kf1 $5 Re7 (51... Qxg4 52. Qa7+ Kg8 53.
Qh7+ Kf8 $19) 52. Qf3 Re3 53. Qxe3 Bxe3 54. Rxe3 Qxg4 $19 55. Rxd2 Qf4+ 56. Ke2
g4 57. Kd3 Kg6 58. Rde2 Qf5+ 59. Re4 Kg5 60. Kd2 Qd5+ 61. Ke1 f5 62. Re8 g3 63.
R8e3 Kg4 64. Re7 Qd4 65. Kf1 Kf3 0-1

[Event "BL2-West 9697"]
[Site "Germany"]
[Date "1997.10.??"]
[Round "?.1"]
[White "Gurevich, Mikhail"]
[Black "Van der Wiel, John"]
[Result "1-0"]
[WhiteElo "2605"]
[BlackElo "2555"]
[Annotator "Gurevich,M"]
[PlyCount "101"]
[EventDate "1996.10.??"]
[EventType "team-tourn"]
[EventRounds "9"]
[EventCountry "GER"]
[SourceTitle "GER-chT2"]
[Source "ChessBase"]
[SourceDate "1999.07.01"]
[SourceVersion "1"]
[SourceVersionDate "1999.07.01"]
[SourceQuality "1"]
[WhiteTeam "Godesberg"]
[BlackTeam "Porz II"]
[WhiteTeamCountry "GER"]
[BlackTeamCountry "GER"]

1. d4 Nf6 2. c4 c6 3. Nf3 d5 4. Qc2 e6 5. Nbd2 (5. g3 dxc4 6. Qxc4 b5 7. Qc2
Bb7 8. Nbd2 Na6 $5 {TN} (8... Nbd7 {-65/383}) 9. Nb3 Qb6 (9... Nb4 $5 10. Qd1
c5 $1 11. a3 (11. dxc5 Qxd1+ 12. Kxd1 Rd8+ 13. Bd2 Nd3 $1 $17) 11... Na6 12.
Bg2 c4) 10. Bg2 Rc8 11. O-O c5 12. dxc5 Nxc5 13. Be3 Be4 (13... Nxb3 14. Qxc8+
$1 Bxc8 15. Bxb6 Nxa1 16. Bxa7 $16) 14. Qc3 b4 {- Gurevich,M-Delemarre,J/BL
1997 (42)} 15. Qc4 $5 $40) 5... Nbd7 6. e4 dxe4 7. Nxe4 Nxe4 8. Qxe4 Bb4+ 9.
Bd2 Bxd2+ 10. Nxd2 Qa5 11. a3 $5 {TN} (11. O-O-O Qxa2 12. Bd3 Nb6 13. c5 Nd5
14. Nc4 Bd7 15. Nd6+ Kf8 16. Qf3 Be8 17. Rhe1 $44 {- Cebalo,M-Nikolic,P/
Yugoslavia 1982 (44)}) 11... O-O 12. Bd3 Nf6 (12... g6 $5 {13...e5}) 13. Qe5 $1
$14 Qxe5+ 14. dxe5 Nd7 15. Nf3 a5 (15... b6 16. O-O-O Ba6 17. b4 $14) (15... f6
16. O-O-O $5 Nxe5 (16... fxe5 17. Rhe1 b6 18. Rd2 Nc5 19. Bc2 e4 20. Ng5 $16)
17. Nxe5 fxe5 18. Rd2 Kf7 19. Re1 Kf6 20. Rde2 $16) 16. O-O-O a4 {Ra8-a5-c5}
17. Rhe1 Ra5 18. Kc2 $1 $16 {Kc2-c3-b4} g6 (18... f6 19. exf6 $16) (18... Nc5
19. Kc3 Nxd3 20. Rxd3 $16) 19. Kc3 Kg7 20. Kb4 b6 21. Bc2 (21. Be4 Nb8 22. Rd6
Bb7 23. Kc3 Rc8 24. Red1 $16) 21... Nb8 22. Rd6 (22. Bxa4 $2 Na6+ 23. Kb3 Nc5+
$19) 22... Bb7 (22... f6 $6 23. Red1 $1 fxe5 24. Rd8 $18) 23. Kc3 Rc8 24. Nd2
$1 {25.f4,Nd2-e4} (24. Red1 $6 Kf8 25. Rd8+ Ke7 $14) 24... c5 25. Rxb6 $6 (25.
Ne4 $16) 25... Bxg2 26. Be4 Bxe4 27. Nxe4 Nd7 (27... Nc6 $2 28. Nd6 Rc7 29.
Ne8+ $18) 28. Rb7 Nxe5 29. Ng5 $1 h6 (29... Kf6 30. f4 $6) 30. Nxe6+ Kf6 31.
Nf4 Nf3 $6 (31... Ng4 $1 32. Nd5+ Kg7 33. Ree7 Rf8 34. Nc7 Kf6 35. Ne8+ Kg5 $1
$14) 32. Ree7 Rf8 33. Nd5+ Kg7 (33... Kg5 34. h3) 34. Nc7 $5 Nd4 $6 (34... Kf6
$14 35. Nd5+ Kg7 36. h3 $16) 35. Ne8+ Kg8 36. Nd6 $16 Ra6 37. Nxf7 g5 38. Ne5 (
38. Nxg5 Nf5 39. Re6 Rd6 $14) 38... Nf5 (38... Rxf2 39. Re8+ Rf8 40. Rxf8+ Kxf8
41. Nd7+ Ke8 42. Nxc5 $18) 39. Rec7 Re8 40. Nd7 $18 Nd6 41. Nxc5 (41. Nf6+ Kf8
42. Nh7+ (42. Nxe8 Nxb7 43. Ng7 Rb6 $14) 42... Kg8 43. Rg7+ Kh8 44. Nf6 Ne4+
45. Nxe4 Rxe4 46. Rgc7 $1 $18) 41... Nxb7 42. Nxa6 Nd6 43. Nc5 $18 Rf8 (43...
Ne4+ 44. Nxe4 Rxe4 45. Rd7 $2) 44. Rd7 Rf3+ 45. Kb4 Nf7 46. Nd3 Kf8 47. Kxa4
Ke8 48. Rd5 Rh3 49. c5 Nd8 50. b4 Ne6 51. c6 (51. b5 $2 $13 Rxd3) 1-0

[Event "FRA-chT Gp-A"]
[Site "France"]
[Date "2004.01.30"]
[Round "1"]
[White "Huebner, Robert"]
[Black "Gurevich, Mikhail"]
[Result "1/2-1/2"]
[WhiteElo "2604"]
[BlackElo "2656"]
[Annotator "Gurevich,M"]
[PlyCount "50"]
[EventDate "2004.01.30"]
[EventType "team"]
[EventRounds "7"]
[EventCountry "FRA"]
[SourceTitle "CBM 098 Extra"]
[Source "ChessBase"]
[SourceDate "2004.03.10"]
[SourceVersion "2"]
[SourceVersionDate "2004.03.10"]
[SourceQuality "1"]
[WhiteTeam "Evry"]
[BlackTeam "Gonfreville"]
[WhiteTeamCountry "FRA"]
[BlackTeamCountry "FRA"]

1. d4 d5 2. c4 c6 3. Nf3 Nf6 4. Nc3 e6 5. e3 a6 6. b3 Bb4 7. Bd2 Nbd7 (7... Bd6
8. Bd3 (8. Qc2 c5 9. cxd5 cxd4 10. dxe6 dxc3 11. exf7+ Ke7 12. Bxc3 Be6 $13 {
Dreev,A-Gurevich,M Bastia 2002 0-1(67)}) 8... c5 9. O-O O-O 10. cxd5 exd5 11.
dxc5 Bxc5 12. Qc2 Bg4 13. Ng5 g6 14. h3 Bc8 15. e4 $16 {1-0 Malakhov,V-Popov,I/
Moscow RUS 2004/The Week in Chess 485 (54)}) 8. Be2 (8. Bd3 O-O 9. O-O Bd6 10.
Qc2 h6 11. Rad1 e5 12. cxd5 cxd5 13. dxe5 Nxe5 14. Nxe5 Bxe5 15. Ne2 Bg4 16. h3
Rc8 17. Qb1 Bd7 $132 {0-1 Flear,G-Godena,M/France 2003/CBM 94 (38)}) 8... Qe7 (
8... Bd6 9. O-O O-O 10. Rc1 Qe7 11. Qc2 e5 12. cxd5 cxd5 13. dxe5 Nxe5 14. Nd4
Ba3 15. Rcd1 Bd7 16. Nf5 Qe6 17. Nd4 Qe7 18. Nf5 {1/2-1/2 Tkachiev,V-Godena,M/
Cannes 1999/EXT 2000 (18)}) 9. O-O O-O 10. Qc2 $5 (10. c5 e5 11. a3 Bxc3 12.
Bxc3 e4 13. Nd2 Re8 14. b4 Nf8 15. a4 h5 16. Bxh5 g6 17. Be2 Kg7 18. b5 Ne6 19.
bxc6 bxc6 20. Qb3 $16 {0-1 Prusikhin,M-Godena,M/Switzerland 2002/EXT 2003 (29)}
) 10... Re8 $5 {TN} (10... e5) 11. Rfe1 e5 $5 12. Nxe5 (12. cxd5 cxd5 13. a3
Bd6 14. dxe5 Nxe5 $36) 12... Nxe5 13. dxe5 Qxe5 14. Nxd5 (14. cxd5 cxd5) 14...
Nxd5 (14... Bf5 $6 15. Nxf6+ (15. Qc1 Ng4 $5 $36) 15... Qxf6 16. Qc1 Bd6 17.
Bc3 Qh4 18. g3 $14) 15. cxd5 Bf5 $1 16. Qd1 (16. Qc1 Bd6 17. f4 (17. g3 Qxd5
$17) 17... Qxd5 $15) 16... Bd6 $1 17. g3 (17. f4 Qxd5 18. Bf3 Be4 19. Bc3 Bc5
$15) 17... cxd5 $1 $36 {[/\Ra8-c8-c2);} (17... Qxd5 18. Bc3 Qe6 19. Qd4 Qg6 20.
Qb6 $13 {(/\21.Rad1)}) 18. Rc1 Rac8 19. Bg4 Ba3 (19... Rxc1 $5 20. Bxc1 Bb4 21.
Rf1 Bc3 22. Bxf5 Qxf5 23. Ba3 b6 $15) 20. Bxf5 Qxf5 21. Rc3 Bb2 $1 22. Rxc8
Rxc8 $15 {[/\23...Qe4,24...Rc2]} 23. Qe2 $5 (23. Qb1 Qxb1 24. Rxb1 Rc2 (24...
Ba3) 25. Rd1 Ba3 $15) 23... Rc2 $2 (23... Qe4 {(/\24...Rc2)} 24. f3 Qg6 $5 {
(/\25...Rc2 Huebner,R)} (24... Qc2 25. Bb4 h6 $15)) 24. e4 $1 dxe4 {[#]} 25.
Qd3 $1 (25. Qxe4 Qxe4 26. Rxe4 f5 27. Re8+ Kf7 28. Rd8 Bf6 $17) 25... Rc8 (
25... Rc8 26. Rxe4 $1 {(/\27.Re8)} g6 27. Bh6 $14 Bg7 (27... Qh3 28. Qe3 (28.
Rc4 Re8 29. Re4 Rc8) 28... Qd7 29. Re7 $36) 28. Rc4 $1 Qe6 29. Qd5 $1 $36)
1/2-1/2

[Event "Interzonal-16"]
[Site "Biel"]
[Date "1993.??.??"]
[Round "2"]
[White "Dreev, Alexey"]
[Black "Gurevich, Mikhail"]
[Result "0-1"]
[WhiteElo "2570"]
[BlackElo "2605"]
[Annotator "Gurevich,M"]
[PlyCount "77"]
[EventDate "1993.07.16"]
[EventType "swiss"]
[EventRounds "13"]
[EventCountry "SUI"]
[SourceTitle "CBM 037"]
[Source "ChessBase"]
[SourceDate "1993.12.01"]
[SourceVersion "1"]
[SourceVersionDate "1993.12.01"]
[SourceQuality "1"]

1. d4 d5 2. c4 c6 3. e3 Nf6 4. Nc3 e6 5. Nf3 Nbd7 6. Qc2 Bd6 7. g4 dxc4 8. g5
Nd5 9. Bxc4 Nxc3 $5 10. bxc3 Qe7 $5 11. a4 e5 (11... b6 $5 {/\ Bb7, c5} 12. a5
b5 13. Bd3 a6 14. Be4 Bb7 15. c4 f5 $132) 12. a5 (12. h4) 12... Rb8 13. h4 c5
14. h5 b5 (14... cxd4 $6 15. cxd4 exd4 16. Bb2 $1 $36) 15. axb6 axb6 16. Bd5
Bb7 17. Bxb7 Rxb7 18. Ra8+ Rb8 (18... Bb8 $2 19. Qe4 $16) 19. Ra7 Qe6 $1 (19...
O-O $2 20. Qf5 Rfd8 21. dxe5 Bxe5 22. Rxd7 Bxc3+ 23. Bd2 Qxd7 24. Qxd7 Rxd7 25.
Bxc3 $16) 20. Rh4 $5 Rd8 $1 (20... O-O 21. d5 Qe8 22. Qf5 Rd8 23. Rha4 $14) 21.
dxe5 (21. Nxe5 Bxe5 22. dxe5 O-O (22... Nxe5 23. Qa4+ Kf8 24. Ke2 $16) 23. f4
Ra8 24. Qa4 Rxa7 25. Qxa7 Qc6 26. Qa2 Ra8 27. Qc2 c4 $17) 21... Bb8 $1 22. Raa4
O-O 23. Rae4 Bxe5 $17 24. Kf1 f5 $2 25. Ra4 (25. gxf6 Qxf6 26. Nxe5 Nxe5 27.
Rhf4 Qe6) 25... b5 (25... Bb8 26. Qa2 Qxa2 27. Rxa2 Ne5 $17 {ץc1}) 26. Ra7 Bb8
27. Ra5 Qc6 28. Qe2 Be5 (28... Ne5 $142 29. Nxe5 Bxe5 30. Rxb5 Bxc3 $15 31.
Qc4+ $2 Kh8 32. Ke2 (32. h6 Qf3) (32. Rxc5 Qf3) 32... f4 33. Rxf4 Rxf4 34. exf4
Qd7 $19) 29. Rxb5 Bxc3 30. h6 Rf7 31. Rb3 Be5 $2 (31... Ne5 $15) 32. Rd3 Re8
33. Qd1 c4 34. Rd5 c3 $6 35. Qd3 (35. g6 $1 hxg6 36. Ng5 Rfe7 37. Qb3 $40 Rb8 (
37... Kh8 38. f4 Bf6 39. hxg7+ Kxg7 40. Rh7+ Kf8 41. Rd6) 38. Rxd7+ Rxb3 39.
h7+ Kh8 40. Nf7+ Rxf7 41. Rd8+) 35... Qb7 36. Kg2 (36. g6 $1 hxg6 37. Ng5 Rfe7
38. Qc4 Nb6 (38... Kh8 39. Rb5 Qa6 40. Nf7+ Kh7 41. Ng5+ Kh8 42. f4 Bf6 43.
hxg7+ Kxg7 44. Rh7+) 39. Rxe5+ Nxc4 40. h7+ Kh8 41. Nf7+ $18) 36... Bb8 $2 37.
hxg7 Rxg7 38. Rxf5 Ne5 39. Qe2 $2 (39. Qe2 Qb1 $13) (39. Qe4 $16) 0-1

[Event "Lost Boys op"]
[Site "Antwerp"]
[Date "1997.08.05"]
[Round "4"]
[White "Avrukh, Boris"]
[Black "Gurevich, Mikhail"]
[Result "0-1"]
[WhiteElo "2550"]
[BlackElo "2620"]
[Annotator "Gurevich,M"]
[PlyCount "90"]
[EventDate "1997.08.02"]
[EventType "swiss"]
[EventRounds "9"]
[EventCountry "BEL"]
[SourceTitle "CBM 059 Extra"]
[Source "ChessBase"]
[SourceDate "1997.09.26"]
[SourceVersion "1"]
[SourceVersionDate "1997.09.26"]
[SourceQuality "1"]

1. d4 d5 2. c4 c6 3. Nc3 Nf6 4. e3 e6 5. Nf3 Nbd7 6. Qc2 Bd6 7. Bd2 O-O 8.
O-O-O c5 9. cxd5 exd5 10. Ng5 h6 $5 (10... cxd4 11. Nxd5 g6 12. Ne4 Nxd5 13.
Nxd6 N7f6 14. Qc5 $13 {1-0 Ortega,L-Ciampi,V Catania op(8) 1994 (47)}) (10...
g6 11. h4 cxd4 12. exd4 Ng4 13. Nh3 Nb6 14. Bd3 Nc4 15. Bg5 Qa5 16. h5 $40 {
1/2 1/2 Ortega,L-Komarov,D Cattolica op(4) 1993 (40)}) 11. h4 {[#]} Re8 $1 (
11... cxd4 12. exd4 $13 (12. Nxd5 Re8 13. Nxf6+ Nxf6 14. Bc4 hxg5 15. hxg5 Ne4
$13) 12... hxg5 $6 13. hxg5 Ne4 14. Nxe4 dxe4 15. Qxe4 $16) 12. Bd3 $5 (12.
Nxd5 hxg5 (12... Nxd5 13. Qh7+ Kf8 14. Qh8+ Ke7 15. Qxg7 hxg5 $17) 13. hxg5 (
13. Nxf6+ Nxf6 14. hxg5 Ne4 $17) 13... Nxd5 14. Qh7+ Kf8 $17) 12... Nf8 $5 {
[/\13...hxg5]} (12... hxg5 13. hxg5 Ng4 (13... Ne4 14. Bxe4 dxe4 15. Nxe4 $44)
14. Bh7+ (14. Be2 Nf8) 14... Kf8 15. Bf5 Nb6 16. dxc5 $5 Bxc5 17. Ne4 $1 (17.
Nxd5 Qxd5 18. Bb4 Bxf5 19. Rh8+ Ke7 20. Bxc5+ Ke6 $17) 17... Bd6 (17... Bxf5
18. Rh8+ Ke7 19. Qxc5+ Kd7 20. Qd6+ Kc8 21. Qxd8+ Rxd8 22. Nd6+ Kd7 23. Rxd8+
Rxd8 24. Nxf5 $13) 18. Nxd6 Qxd6 19. Bc3 $40) (12... c4 $6 13. Bh7+ Kf8 14.
Nxf7 (14. Bf5 $5) 14... Kxf7 15. Bg6+ (15. Qg6+ Kf8 16. Nxd5 $13) 15... Kf8 16.
Bxe8 Qxe8 17. f3 $36) 13. dxc5 Bxc5 14. Nf3 (14. Nh3 Bg4 $1 {(/\15...Rc8<=>)}
15. f3 Bxh3 16. Rxh3 Bxe3 $17) 14... Be6 $6 (14... Bg4 15. Kb1 Rc8 16. Bf5 Bxf5
17. Qxf5 Qd7 $13) 15. Nd4 {[/\16.f3,g2-g4-g5|^]} Rc8 16. f3 N6d7 $5 17. Kb1 (
17. g4 $5 Ne5 18. Be2 Bxd4 (18... Nc4 19. Bxc4 Bxd4 20. Bb5 Bxc3 21. Bxc3 $14)
19. exd4 Nc4 $13) 17... a6 {[/\b7-b5-b4<=><<]} 18. Nxe6 (18. g4 Ne5 19. Be2 b5
20. g5 h5 21. f4 Bxd4 22. exd4 Bg4 $1 $15) 18... fxe6 19. f4 $5 {[/\20.f5;
><d5]} b5 20. f5 Nf6 (20... b4 21. fxe6 Nf6 22. Ne2 Bxe3 23. Qb3 Bxd2 24. Rxd2
$36) 21. Qb3 Kh8 $5 (21... e5 22. e4 $16) 22. fxe6 Nxe6 23. Bf5 $6 (23. Bg6 $1
Re7 (23... Rf8 24. Bc1 $14 Bb6 25. Nxd5 Rxc1+ 26. Kxc1 Nc5 27. Qc2 Nxd5 28. e4
$16) 24. g4 $1 (24. Ne2 Bd6 $13) (24. Bc1 Bb6 (24... Rd7 25. g4 $36) 25. Nxd5
Rxc1+ $5 26. Rxc1 $5 (26. Kxc1 Nc5 27. Qc2 Nxd5 28. e4 Rc7 29. Kb1 Nd7 $17)
26... Nxd5 (26... Qxd5 27. Rc8+ Nd8 28. Qxd5 Nxd5 29. Rd1 $36) 27. Rhd1 Rd7 $13
) 24... Nxg4 (24... d4 25. g5 dxc3 26. gxf6 $16) 25. Nxd5 Rd7 26. Bf5 $1 Rxd5 (
26... Rc6 27. Bxg4 (27. Nf4 Nxf4 28. Bxd7 Qxd7 29. exf4 Nf2 $15) 27... Rxd5 28.
Bf3 Rd3 29. Ba5 $1 Rxb3 30. Bxd8 $18) 27. Bxe6 $18) 23... Bf8 $1 {[/\24...Rc4,
25...Nc5 <=><<]} 24. Bc1 (24. g4 Nc5 25. Qc2 b4 26. Bxc8 bxc3 27. Bxc3 Qxc8 28.
g5 Ng4 29. gxh6 Nxh6 30. Rxd5 Ne4 $13) 24... Rc4 $1 {[/\25...Nc5|^]} 25. Bxe6 (
25. Bd3 Nc5 26. Qc2 Nxd3 27. Qxd3 Re5 $15) 25... Rxe6 $15 26. Ne2 {[/
\Ne2-f4-g6<=>>>]} Bd6 27. Qd3 Be5 28. Qf5 Qe8 $5 29. g3 Bc7 $1 {[/\30...Re5,31.
..Bb6 ><e3]} 30. Rhf1 (30. Nf4 Bxf4 31. gxf4 (31. exf4 h5 $15) 31... a5 $5 (
31... Rec6 32. Rhg1 Qe4+ 33. Qxe4 Rxe4 $36) 32. Rhg1 a4 $36) 30... Rce4 31. Nd4
R6e5 32. Qf3 Qg6 33. Ka1 Kh7 $6 (33... Bb6 $1 34. Nf5 Kh7 $17 {(/\35...Ng4)})
34. Ne2 Bb6 (34... Rc4 $5) 35. Nc3 Rg4 36. Rg1 $2 (36. Nxd5 Nxd5 (36... Rxd5 $2
37. Rxd5 Rxg3 38. h5 $1 $18) 37. Rxd5 Rxg3 38. Qh1 (38. Rxe5 Rxf3 39. Rxf3 Qg4
$1 $17 40. Rf4 Qg1 41. Kb1 Bc7 $19) 38... Re7 39. h5 Qe4 $15) 36... Rf5 37. Qg2
d4 $1 38. e4 (38. Ne2 dxe3 39. Qb7 Nh5 40. Qxa6 Nxg3 41. Bxe3 (41. Nxg3 Rxg3
42. Rxg3 Qxg3 43. Qxb6 e2 $19) 41... Bxe3 42. Qxg6+ Rxg6 43. Rxg3 Rxg3 44. Nxg3
Rf3 $17) 38... Re5 39. Nd5 Nxd5 40. exd5 d3 $19 41. Rge1 Rxg3 42. Qh1 Rxe1 43.
Rxe1 (43. Qxe1 Rg1 44. Qd2 Rxd1 45. Qxd1 Qe4 $19) 43... Ba5 $1 $19 44. h5 Qg4
45. Rd1 (45. Re4 Rg1) 45... d2 (45... d2 46. Bxd2 Bxd2 47. Rxd2 Rg1+) 0-1

[Event "Bundesliga 0203"]
[Site "Germany"]
[Date "2003.03.09"]
[Round "12.4"]
[White "Sadler, Matthew D"]
[Black "Gurevich, Mikhail"]
[Result "1/2-1/2"]
[WhiteElo "2624"]
[BlackElo "2634"]
[Annotator "Gurevich,M"]
[PlyCount "135"]
[EventDate "2002.10.19"]
[EventType "team-tourn"]
[EventRounds "15"]
[EventCountry "GER"]
[SourceTitle "CBM 095"]
[Source "ChessBase"]
[SourceDate "2003.07.25"]
[SourceVersion "1"]
[SourceVersionDate "2003.07.25"]
[SourceQuality "1"]
[WhiteTeam "Solingen"]
[BlackTeam "Porz"]
[WhiteTeamCountry "GER"]
[BlackTeamCountry "GER"]

1. d4 d5 2. c4 c6 3. Nf3 Nf6 4. Nc3 e6 5. e3 a6 6. Qc2 c5 7. cxd5 exd5 8. Be2
Nc6 9. O-O Be6 10. Ne5 $5 (10. Rd1 cxd4 11. Nxd4 Rc8 12. Nxe6 fxe6 13. e4 d4
14. Qb3 $36 {1/2-1/2 Krasenkow,M-Bareev,E/Wijk aan Zee NED 2003/The Week in
Chess 428 (36)}) 10... Rc8 11. Qa4 Qc7 (11... Bd6 12. Nxc6 Rxc6 13. dxc5 Bxc5
14. Bxa6 $16) 12. Bd2 Bd6 (12... cxd4 13. exd4 Qb6 $132) 13. Nxc6 Bd7 $6 (13...
Qxc6 14. dxc5 Bxc5 15. Rac1 $36) 14. dxc5 Bxh2+ (14... Bxc5 15. Nxd5 Nxd5 16.
Qe4+ Be6 17. Nd4 $16) 15. Kh1 Bxc6 16. Qh4 Be5 17. f4 $1 Bxc3 18. Bxc3 Qe7 19.
Bd3 (19. Qg5 O-O 20. Rf3 $16) 19... Bb5 $5 20. Bxb5+ axb5 21. Rf3 (21. Qg5 $5)
21... Rxc5 $1 22. Bb4 b6 $44 23. Rd1 O-O 24. Rg3 Re8 25. Qg5 g6 26. Rf3 Kg7 27.
Bxc5 bxc5 28. Qh4 h6 29. Rh3 Rh8 30. a3 Qd7 31. Kg1 Qf5 32. Qe1 $1 {[н/\33.
Qc3<=>]} Rb8 33. Qc3 b4 34. Qxc5 bxa3 35. Qxa3 (35. bxa3 Rb2 $132) 35... Qc2
36. Qd3 Qxb2 37. Rf3 Qb4 38. Qd4 Qe7 39. Rf2 Rb4 40. Qe5 Qc5 41. Rd3 Rb1+ 42.
Kh2 Re1 43. Kg3 Qc6 44. Rc3 Qd7 45. f5 d4 (45... gxf5 46. Rxf5 Qe6 47. Qxe6
fxe6 48. Rc7+ Kg6 49. Rf3 $11) 46. Rd3 Rxe3+ (46... dxe3 47. Rxd7 exf2 48.
Rxf7+ Kxf7 49. Qc7+ Re7 50. Qc4+ Kg7 $11) 47. Rxe3 dxe3 48. Rf3 gxf5 49. Rxf5
$14 Qc6 50. Qxe3 Ne4+ 51. Kh2 Qd6+ 52. Qf4 Qxf4+ 53. Rxf4 Ng5 54. Ra4 Kg6 55.
Ra6+ f6 $2 (55... Kg7 $11) 56. Kg3 Nf7 57. Kf4 h5 58. Ra8 $14 Nh6 59. Ke4 Nf5
60. Rb8 Nh6 61. Kd5 Nf7 62. Ke6 Ng5+ 63. Ke7 Ne4 64. Rh8 Kg5 65. Ke6 h4 66. Kd5
Nf2 67. Kd4 Kf4 $1 $11 68. Rxh4+ (68. Rxh4+ Kg3 69. Rh6 Kxg2) 1/2-1/2

[Event "Metz op 22nd"]
[Site "Metz"]
[Date "2004.04.??"]
[Round "?"]
[White "Svetushkin, Dmitry"]
[Black "Gurevich, Mikhail"]
[Result "1/2-1/2"]
[WhiteElo "2553"]
[BlackElo "2656"]
[Annotator "Gurevich,M"]
[PlyCount "95"]
[EventDate "2004.04.10"]
[EventType "swiss"]
[EventRounds "9"]
[EventCountry "FRA"]
[SourceTitle "CBM 100"]
[Source "ChessBase"]
[SourceDate "2004.06.01"]
[SourceVersion "1"]
[SourceVersionDate "2004.06.01"]
[SourceQuality "1"]

1. d4 Nf6 2. c4 e6 3. Nf3 d5 4. Nc3 c6 5. e3 a6 6. c5 Nbd7 7. b4 g6 8. Bd3 (8.
Bb2 {1-0 Bologan,V-Grischuk,A/Poikovsky RUS 2004/The Week in Chess 489 (44)})
8... Bg7 9. Bb2 {TN} (9. O-O O-O 10. e4 {1-0 Gurevich,M-Zhukova,N/St Vincent
ITA 2004/The Week in Chess 484 (30)}) 9... O-O 10. O-O e5 $5 11. dxe5 (11. Nxe5
Nxe5 12. dxe5 Ng4 13. Na4 Qh4 $132) 11... Ng4 12. Ne2 (12. e6 fxe6 13. e4 Nde5
$132) 12... Qe7 $5 (12... Ngxe5 13. Nxe5 Nxe5 14. Bd4 $14) 13. Bd4 Ndxe5 14.
Nxe5 Bxe5 15. h3 Nh6 $5 {[н/\16...Bf5]} (15... Qh4 16. Qd2 Re8 17. Nf4 Bxd4 18.
exd4 Nh6 $132) 16. Bxe5 Qxe5 17. Nd4 Bf5 18. Nxf5 (18. a4 Be4 19. Be2 Qg5 $132)
18... Nxf5 $132 19. Qg4 Ng7 $1 {[20...f5;20...Ne6,21...a5<=><<]} 20. e4 $5 Rad8
(20... Qc3 $5 21. Rfd1 (21. Rad1 Qxb4 22. exd5 Qxg4 23. hxg4 cxd5 24. Be2 Rad8
25. Bf3 Ne6 $15) 21... dxe4 (21... Qxb4 22. exd5 Qxg4 (22... Qxc5 23. dxc6 $36)
23. hxg4 cxd5 24. Be2 $44) 22. Qxe4 Rfe8) 21. Rad1 Nh5 $6 (21... Rfe8 22. exd5
cxd5 23. Bc2 d4 $132) 22. exd5 Nf6 23. Qf3 Nxd5 24. Bc4 $11 (24. Rfe1 Qb2 $132)
24... Nf6 (24... Rfe8 25. Bxd5 Rxd5 26. Rxd5 Qxd5 27. Qxd5 cxd5 28. Rd1 Rd8 $11
) 25. Rfe1 Rxd1 26. Rxd1 Re8 {[н/\27...Re7,28...Kg7,29...a5<=><<]} 27. Bb3 Re7
28. g3 Kg7 29. Kg2 a5 $15 30. a3 Qb2 31. bxa5 $1 Ne4 (31... Qxa3 $2 32. Qc3 $18
) (31... Re5 32. a6 bxa6 33. Bc4 Rxc5 34. Bxa6 $13) 32. Re1 $1 (32. Bc4 Nxc5
$15) 32... Ng5 33. Rxe7 Nxf3 34. Rxf7+ Kh6 35. Rxf3 $44 Qxa3 36. Bg8 Qxc5 37.
Rf7 Qd5+ 38. Kh2 Qd8 39. Rxh7+ Kg5 40. h4+ Kf5 41. Rf7+ Ke5 42. Bh7 $1 $14 Qd6
$5 (42... Qxa5 43. Bxg6 (43. h5) 43... Qd2 44. h5 $14) 43. Rxb7 c5 {[н/\c5-c4..
.]} 44. Rb6 (44. Bg8 Qd8 45. Rg7 Kf6 46. Rf7+ Ke5 47. Bh7 Qd6 48. Rg7 Qd2 $11)
44... Qd2 $11 45. Kg2 Qd5+ 46. Kg1 Qd1+ 47. Kh2 Qd2 48. Kg2 1/2-1/2